Introduction to macroeconomic theory / (Record no. 7234)

MARC details
000 -LEADER
fixed length control field 00662cam a22002411 4500
001 - CONTROL NUMBER
control field BD-DhSAU 7234
003 - CONTROL NUMBER IDENTIFIER
control field BD-DhSAU
005 - DATE AND TIME OF LATEST TRANSACTION
control field 20150520140557.0
008 - FIXED-LENGTH DATA ELEMENTS--GENERAL INFORMATION
fixed length control field 711028s1965 xx 000 0 eng
040 ## - CATALOGING SOURCE
Original cataloging agency BD-DhSAU
082 ## - DEWEY DECIMAL CLASSIFICATION NUMBER
Edition number 22
Classification number 330.1
Item number SII
100 1# - MAIN ENTRY--PERSONAL NAME
Personal name Sirkin, Gerald,
245 10 - TITLE STATEMENT
Title Introduction to macroeconomic theory /
Statement of responsibility, etc. Gerald Sirkin,
250 ## - EDITION STATEMENT
Edition statement Rev. ed.
260 ## - PUBLICATION, DISTRIBUTION, ETC. (IMPRINT)
Name of publisher, distributor, etc. R. D. Irwin ,
Date of publication, distribution, etc. 1965.
Place of publication, distribution, etc. Homewood :
300 ## - PHYSICAL DESCRIPTION
Extent x, 278 p.:
Other physical details ill. ;
Dimensions 23 cm.
440 #4 - SERIES STATEMENT/ADDED ENTRY--TITLE
Title The Irwin series in economics
504 ## - BIBLIOGRAPHY, ETC. NOTE
Bibliography, etc Includes bibliographies and index
590 ## - Name of Cataloguer
Name of Cataloger IMRAN
650 #0 - SUBJECT ADDED ENTRY--TOPICAL TERM
Topical term or geographic name as entry element Economics.
650 #0 - SUBJECT ADDED ENTRY--TOPICAL TERM
Topical term or geographic name as entry element Macroeconomics.
942 ## - ADDED ENTRY ELEMENTS (KOHA)
Source of classification or shelving scheme Dewey Decimal Classification
Koha item type Book
Holdings
Withdrawn status Lost status Source of classification or shelving scheme Damaged status Not for loan Home library Branch Name Shelving location Date acquired Total Checkouts Full call number Barcode Date last seen Price effective from Koha item type
    Dewey Decimal Classification   Not For Loan SAU Library SAU Library Reference 29/05/1979   330.1 SII 3316 20/05/2015 20/05/2015 Book